000 00693nam a2200265Ia 4500
001 Para_9022
003 CHAP
008 220125s2004 xx 000 0 und d
010 _a207800
040 _cCHAP
082 _aPA 646.7 B65
100 _aDe Bono, Edward
_9174290
245 _aSeis sombreros para pensar /
_c por Edward De Bono
260 _aMéxico, D.F. :
_b Granica
300 _a207 p.
650 _aMotivación (psicología)
_979090
650 _aSuperación personal
_9143097
901 _aPA 646.7 B65
902 _aA
905 _a0000002004 0000000000 00
910 _a2004
942 _cPARA
942 _cPARA
_d1
999 _c207800
_d207800